Opciones financieras: un enfoque fundamental

Saved in:
Bibliographic Details
Main Author: Lamothe Fernández, Prosper (Author)
Format: Book
Language:Spanish
Published: Madrid McGraw Hill 1993
Subjects:
Tags: Add Tag
No Tags, Be the first to tag this record!

MARC

LEADER 00000nam a2200000 a 4500
001 UCY5427
003 CL-VaPUC
008 950508e19930000SP |||||||||||||||||spa|d
082 0 4 |a 658.15  |b LAM  |2 21 
100 0 |a Lamothe Fernández, Prosper  |e author  |9 334171 
245 1 0 |a Opciones financieras: un enfoque fundamental 
300 |a 322 p 
942 |c BK 
945 |d 19950508 00:00:00  |a rbrito 
260 |a Madrid  |b McGraw Hill  |c 1993 
650 0 |a Finanzas  |9 260832 
650 0 |a Mercado financiero  |9 334172 
650 0 |a Acciones  |9 334173 
650 7 |a BONOS BURSATILES  |2 CL-VaPUC  |9 334174 
650 7 |a GESTION DE CARTERAS  |2 CL-VaPUC  |9 334175 
583 |a last modification  |c 19950508 00:00:00  |k Rodrigo Vera 
999 |c 233091  |d 233089 
952 |0 0  |1 0  |4 0  |6 658_150000000000000_LAM_1993  |7 0  |8 A  |9 238249  |a BIBGIM  |b BIBGIM  |d 2019-11-18  |i 3081958  |o 658.15 LAM 1993  |p 3081958  |r 2025-01-15  |w 2019-11-18  |y BK  |k COM